[Event "SA-2013-0-00368"]
[Site "LSS email"]
[Date "2013.09.29"]
[Round "?"]
[White "Krot, Alexander"]
[Black "Thurrott, Allan"]
[Result "0-1"]
[WhiteElo "1400"]
[BlackElo "2147"]
[PlyCount "58"]
[EventDate "2013.08.27"]
[EventType "tourn (corr)"]
[EventRounds "6"]
[EventCountry "GER"]
[SourceTitle "Corr 2022"]
[Source "ChessBase"]
[SourceDate "2021.10.24"]
[SourceVersion "1"]
[SourceVersionDate "2021.10.24"]
[SourceQuality "1"]

1. e4 c6 2. d4 d5 3. e5 Bf5 4. Nf3 e6 5. Be2 Nd7 6. 0-0 Ne7 7. Be3 h6 8. Nbd2 Bh7 9. c4 dxc4 10. Nxc4 Nd5 11. Bd3 Bxd3 12. Qxd3 Be7 13. Rad1 0-0 14. Bd2 b5 15. Ne3 N7b6 16. Ba5 Qd7 17. h3 b4 18. Qe2 Nxe3 19. fxe3 Qd5 20. Bxb6 axb6 21. b3 Ra7 22. e4 Qd8 23. Rd2 Qa8 24. Rfd1 Rd8 25. g4 Rad7 26. Kg2 c5 27. dxc5 Rxd2 28. Rxd2 bxc5 29. Rxd8+ Qxd8 0-1

[Event "SA-2013-0-00367"]
[Site "LSS email"]
[Date "2013.09.17"]
[Round "?"]
[White "Khan, Valery"]
[Black "Krot, Alexander"]
[Result "1-0"]
[WhiteElo "2122"]
[BlackElo "1541"]
[PlyCount "95"]
[EventDate "2013.08.23"]
[EventType "tourn (corr)"]
[EventRounds "6"]
[EventCountry "GER"]
[SourceTitle "Telechess CBM 167"]
[Source "ChessBase"]
[SourceDate "2015.07.13"]
[SourceVersion "1"]
[SourceVersionDate "2015.07.13"]
[SourceQuality "1"]

1. e4 e6 2. d4 d5 3. Nd2 Nf6 4. Bd3 c5 5. e5 Nfd7 6. c3 Nc6 7. Ne2 cxd4 8. cxd4 f6 9. Nf4 Nxd4 10. Qh5+ Ke7 11. exf6+ Nxf6 12. Ng6+ hxg6 13. Qxh8 Kf7 14. 0-0 e5 15. Nb3 Nxb3 16. axb3 Bf5 17. Bxf5 gxf5 18. Bg5 Bc5 19. Qh3 Qd7 20. Bxf6 Kxf6 21. Rfe1 Bd4 22. Rad1 Rc8 23. Rd2 Qc6 24. g4 fxg4 25. Qxg4 Kf7 26. Kh1 g6 27. Qh4 Qf6 28. Qh7+ Kf8 29. f4 Qxf4 30. Qh8+ Ke7 31. Qxc8 Qxd2 32. Qxb7+ Kd6 33. Qb8+ Ke6 34. Qg8+ Kd6 35. Qd8+ Kc5 36. Qc7+ Kb4 37. Ra1 Kxb3 38. Qc6 Bxb2 39. Qa4+ Kc3 40. Rg1 e4 41. Qa5+ Kd3 42. Qxd5+ Bd4 43. Qb3+ Ke2 44. Qc4+ Ke3 45. Qb5 Bc3 46. Qc5+ Qd4 47. Qg5+ Ke2 48. Qc1 1-0

[Event "SA-2013-0-00368"]
[Site "LSS email"]
[Date "2013.09.16"]
[Round "?"]
[White "Kuzmin, Konstantin"]
[Black "Krot, Alexander"]
[Result "1-0"]
[WhiteElo "2146"]
[BlackElo "1400"]
[PlyCount "55"]
[EventDate "2013.08.27"]
[EventType "tourn (corr)"]
[EventRounds "6"]
[EventCountry "GER"]
[SourceTitle "Corr 2022"]
[Source "ChessBase"]
[SourceDate "2021.10.24"]
[SourceVersion "1"]
[SourceVersionDate "2021.10.24"]
[SourceQuality "1"]

1. e4 e6 2. d4 d5 3. Nc3 Bb4 4. e5 c5 5. a3 Bxc3+ 6. bxc3 Qa5 7. Bd2 Qa4 8. Qg4 g6 9. Qd1 Nc6 10. Nf3 c4 11. h4 h6 12. Qc1 Bd7 13. Be2 0-0-0 14. Bf4 Rf8 15. 0-0 b6 16. Re1 Kb7 17. Rb1 Ka8 18. g3 Nce7 19. Bd2 Nf5 20. Rb4 Qa5 21. a4 Bxa4 22. Qa3 Be8 23. Ra4 Qxa4 24. Qxf8 Qd7 25. Bxh6 Qe7 26. Qxe7 Ngxe7 27. Bg5 Ng8 28. Kf1 1-0

[Event "SA-2013-0-00364"]
[Site "LSS email"]
[Date "2013.08.28"]
[Round "?"]
[White "Sienkiewicz, Wojciech"]
[Black "Krot, Alexander"]
[Result "1-0"]
[WhiteElo "2149"]
[BlackElo "1541"]
[PlyCount "51"]
[EventDate "2013.08.12"]
[EventType "tourn (corr)"]
[EventRounds "6"]
[EventCountry "GER"]
[SourceTitle "Telechess CBM 167"]
[Source "ChessBase"]
[SourceDate "2015.07.13"]
[SourceVersion "1"]
[SourceVersionDate "2015.07.13"]
[SourceQuality "1"]

1. e4 c6 2. d4 d5 3. e5 Bf5 4. Nf3 e6 5. Be2 Ne7 6. 0-0 h6 7. Nbd2 Nd7 8. Nb3 Nc8 9. Be3 Be7 10. Nfd2 0-0 11. f4 Ncb6 12. a4 a5 13. c3 Bh7 14. Bg4 Nc4 15. Nxc4 dxc4 16. Nd2 Nb6 17. f5 Nd5 18. Qe2 exf5 19. Bxf5 Bxf5 20. Rxf5 b5 21. Raf1 Qd7 22. Bxh6 gxh6 23. Ne4 Qe6 24. Nf6+ Bxf6 25. Rxf6 Nxf6 26. Rxf6 1-0

[Event "SA-2013-0-00364"]
[Site "LSS email"]
[Date "2013.08.27"]
[Round "?"]
[White "Milde, Lars"]
[Black "Krot, Alexander"]
[Result "1-0"]
[WhiteElo "2049"]
[BlackElo "1541"]
[PlyCount "77"]
[EventDate "2013.08.12"]
[EventType "tourn (corr)"]
[EventRounds "6"]
[EventCountry "GER"]
[SourceTitle "Telechess CBM 167"]
[Source "ChessBase"]
[SourceDate "2015.07.13"]
[SourceVersion "1"]
[SourceVersionDate "2015.07.13"]
[SourceQuality "1"]

1. e4 c6 2. d3 d5 3. Nd2 e5 4. Ngf3 Bd6 5. g3 Nf6 6. Bg2 0-0 7. 0-0 Re8 8. b3 Bg4 9. Bb2 Nbd7 10. h3 Bh5 11. Qe1 a5 12. a3 Bxf3 13. Nxf3 b5 14. Qe2 Qc7 15. Nh4 g6 16. Nf3 dxe4 17. dxe4 Nc5 18. Nd2 Ne6 19. Rfd1 Nd4 20. Bxd4 exd4 21. Qd3 Nd7 22. f4 Red8 23. e5 Be7 24. Qf3 Rac8 25. Ne4 Nc5 26. Nf2 Qb6 27. Kh2 a4 28. f5 axb3 29. cxb3 Qc7 30. Rf1 Kh8 31. Ng4 d3 32. Rad1 Nxb3 33. fxg6 fxg6 34. Nh6 Rd4 35. Qe3 c5 36. Nf7+ Kg8 37. Nh6+ Kh8 38. Rf7 Rf8 39. Rdf1 1-0

[Event "RD-2013-0-00085"]
[Site "LSS email"]
[Date "2013.08.08"]
[Round "?"]
[White "Boni, Roberto"]
[Black "Krot, Alexander"]
[Result "1/2-1/2"]
[WhiteElo "1527"]
[BlackElo "1540"]
[PlyCount "58"]
[EventDate "2013.04.06"]
[EventType "tourn (corr)"]
[EventRounds "6"]
[EventCountry "GER"]
[SourceTitle "Telechess CBM 163"]
[Source "ChessBase"]
[SourceDate "2014.11.11"]
[SourceVersion "2"]
[SourceVersionDate "2014.11.11"]
[SourceQuality "1"]

1. Nf3 d5 2. d4 Nf6 3. c4 e6 4. Nc3 Be7 5. Bf4 0-0 6. e3 Nbd7 7. c5 c6 8. Bd3 b6 9. b4 a5 10. a3 Ba6 11. 0-0 Qc8 12. Qc2 Qb7 13. h3 Bxd3 14. Qxd3 h6 15. Rfd1 Rfc8 16. g4 Bd8 17. Bd6 Bc7 18. Bxc7 Qxc7 19. Ne2 Ne4 20. Nd2 axb4 21. axb4 bxc5 22. bxc5 Nxd2 23. Qxd2 e5 24. Rdb1 e4 25. Ng3 g6 26. Qb2 Rab8 27. Qa2 Nf8 28. Rxb8 Rxb8 29. Qa7 Rb7 1/2-1/2

[Event "RD-2013-0-00085"]
[Site "LSS email"]
[Date "2013.08.08"]
[Round "?"]
[White "Le Duigou, Jean Guy"]
[Black "Krot, Alexander"]
[Result "1/2-1/2"]
[WhiteElo "1577"]
[BlackElo "1540"]
[PlyCount "48"]
[EventDate "2013.04.06"]
[EventType "tourn (corr)"]
[EventRounds "6"]
[EventCountry "GER"]
[SourceTitle "Telechess CBM 163"]
[Source "ChessBase"]
[SourceDate "2014.11.11"]
[SourceVersion "2"]
[SourceVersionDate "2014.11.11"]
[SourceQuality "1"]

1. d4 d5 2. Nf3 Nf6 3. Bg5 e6 4. e3 Be7 5. c4 0-0 6. Nc3 h6 7. Bh4 b6 8. Bd3 Bb7 9. 0-0 Nbd7 10. cxd5 Nxd5 11. Bxe7 Qxe7 12. Qe2 c5 13. Rfd1 Rfd8 14. Nxd5 Bxd5 15. e4 Bb7 16. Rac1 Rac8 17. Ba6 Nf6 18. Bxb7 Qxb7 19. e5 Nd5 20. dxc5 Rxc5 21. Rxc5 bxc5 22. b3 a5 23. h3 a4 24. bxa4 Ra8 1/2-1/2

[Event "OP-2013-0-02922"]
[Site "LSS email"]
[Date "2013.08.04"]
[Round "?"]
[White "Lenz, Juergen"]
[Black "Krot, Alexander"]
[Result "0-1"]
[WhiteElo "1083"]
[BlackElo "1652"]
[PlyCount "50"]
[EventDate "2013.08.01"]
[EventType "tourn (corr)"]
[EventRounds "4"]
[EventCountry "GER"]
[SourceTitle "Telechess CBM 161"]
[Source "ChessBase"]
[SourceDate "2014.07.16"]
[SourceVersion "1"]
[SourceVersionDate "2014.07.16"]
[SourceQuality "1"]

1. d4 Nf6 2. Bf4 e6 3. e3 c5 4. c3 b6 5. a4 Bb7 6. Nf3 Be7 7. Be2 Nh5 8. Bxb8 Rxb8 9. 0-0 0-0 10. Na3 f5 11. dxc5 bxc5 12. Nb5 a6 13. Nd6 Bd5 14. Nc4 Nf6 15. a5 Bxc4 16. Bxc4 Rxb2 17. Bxa6 Qc7 18. Re1 Ne4 19. Qd3 Nxf2 20. Qf1 Ne4 21. Rec1 g5 22. Bd3 g4 23. Bxe4 fxe4 24. a6 exf3 25. g3 f2+ 0-1